Cities by University/College Within - Statistics

General Stats
  • This quiz has been taken 25 times
  • The average score is 8 of 10
Answer Stats
Hint Answer % Correct
Northeastern, Harvard, MIT Boston
96%
CalTech, UC Irvine, USC Los Angeles
96%
John Hopkins, George Washington Washington/Baltimore
96%
Columbia, City College New York
92%
NC State, Duke Raleigh/Durham
92%
Stanford, Palo Alto, UC Berkeley San Francisco Bay Area
88%
Rice Houston
76%
Cornell Ithaca
72%
Texas Tech Lubbock
44%
Dartmouth Hanover
28%
No matching quizzes found
Score Distribution
Percent of People with Each Score
Percentile by Number Answered
Your Score History
You have not taken this quiz